[Event "LSS No Engine Cup 184 Preliminary 0"]
[Site "LSS email"]
[Date "2018.12.02"]
[Round "?"]
[White "Palla, Vit"]
[Black "Ruzicka, Richard"]
[Result "0-1"]
[WhiteElo "1295"]
[BlackElo "1696"]
[PlyCount "30"]
[EventDate "2018.12.03"]
[EventType "tourn (corr)"]
[EventRounds "6"]
[EventCountry "GER"]
[SourceTitle "Corr 2022"]
[Source "ChessBase"]
[SourceDate "2021.10.24"]
[SourceVersion "1"]
[SourceVersionDate "2021.10.24"]
[SourceQuality "1"]

1. d4 Nf6 2. c4 e6 3. Nf3 b6 4. Bg5 Be7 5. Nc3 0-0 6. e4 d5 7. cxd5 exd5 8. Bxf6 Bxf6 9. Nxd5 Re8 10. Nxf6+ Qxf6 11. e5 Bb7 12. Bb5 c6 13. 0-0 Qf4 14. Ba4 Na6 15. Rc1 Rac8 0-1

[Event "LSS No Engine Cup 183 Preliminary 0"]
[Site "LSS email"]
[Date "2018.10.05"]
[Round "?"]
[White "Ilyin, Igor"]
[Black "Palla, Vit"]
[Result "1-0"]
[WhiteElo "2017"]
[BlackElo "1319"]
[PlyCount "49"]
[EventDate "2018.10.06"]
[EventType "tourn (corr)"]
[EventRounds "6"]
[EventCountry "GER"]
[SourceTitle "Corr 2022"]
[Source "ChessBase"]
[SourceDate "2021.10.24"]
[SourceVersion "1"]
[SourceVersionDate "2021.10.24"]
[SourceQuality "1"]

1. e4 e6 2. d4 d5 3. Nc3 Bb4 4. e5 c5 5. a3 Bxc3+ 6. bxc3 Nc6 7. Be3 Qc7 8. f4 c4 9. Nf3 Nge7 10. Be2 Bd7 11. 0-0 Nc8 12. Ng5 N6e7 13. g4 h6 14. Nh3 Nb6 15. Rf3 Na4 16. Bd2 Rc8 17. Qf1 b6 18. Kh1 Qc6 19. Qf2 Kd8 20. f5 Kc7 21. fxe6 Bxe6 22. Rg1 Qd7 23. Qg3 Rcf8 24. Rf2 f6 25. exf6+ 1-0

[Event "CP-2018-P-00028"]
[Site "LSS email"]
[Date "2018.09.27"]
[Round "?"]
[White "Palla, Vit"]
[Black "Baroin, Bernard"]
[Result "0-1"]
[WhiteElo "1139"]
[BlackElo "2122"]
[PlyCount "38"]
[EventDate "2018.10.01"]
[EventType "tourn (corr)"]
[EventRounds "6"]
[EventCountry "GER"]
[SourceTitle "Corr 2022"]
[Source "ChessBase"]
[SourceDate "2021.10.24"]
[SourceVersion "1"]
[SourceVersionDate "2021.10.24"]
[SourceQuality "1"]

1. d4 Nf6 2. c4 e6 3. Nf3 b6 4. Bg5 Be7 5. Nc3 Bb7 6. e3 0-0 7. Nd2 d6 8. f3 c5 9. dxc5 bxc5 10. Be2 d5 11. cxd5 exd5 12. Qb3 Bc6 13. h3 Nh5 14. Bxe7 Qxe7 15. 0-0-0 c4 16. Qc2 Qxe3 17. Rhe1 Qc5 18. Nf1 Nf4 19. Qf5 Nxg2 0-1

[Event "CP-2018-P-00028"]
[Site "LSS email"]
[Date "2018.09.27"]
[Round "?"]
[White "Palla, Vit"]
[Black "Malyszek, Tomasz"]
[Result "1-0"]
[WhiteElo "1139"]
[BlackElo "1019"]
[PlyCount "71"]
[EventDate "2018.10.01"]
[EventType "tourn (corr)"]
[EventRounds "6"]
[EventCountry "GER"]
[SourceTitle "Corr 2022"]
[Source "ChessBase"]
[SourceDate "2021.10.24"]
[SourceVersion "1"]
[SourceVersionDate "2021.10.24"]
[SourceQuality "1"]

1. d4 d5 2. c4 dxc4 3. e3 e6 4. Bxc4 Be7 5. Nc3 Nf6 6. Nf3 0-0 7. 0-0 h6 8. Qc2 a6 9. a3 b5 10. Ba2 Bb7 11. Rd1 Bxf3 12. gxf3 Nh7 13. d5 Qc8 14. dxe6 fxe6 15. Qe4 Ng5 16. Qg4 Nxf3+ 17. Kh1 Rf6 18. Nd5 Qf8 19. Nxf6+ Qxf6 20. Bxe6+ Kh8 21. Bd2 Nxd2 22. Rxd2 Nc6 23. Bd5 Rd8 24. Rad1 Ne5 25. Qe4 Bd6 26. Bb7 Rb8 27. Bxa6 Nf3 28. Rd5 Nxh2 29. Bxb5 Qxf2 30. Bd3 Qf3+ 31. Qxf3 Nxf3 32. Rb5 Rf8 33. Rf1 Ng5 34. Rxf8+ Bxf8 35. Rb8 Nh7 36. Bxh7 1-0

[Event "LSS No Engine Cup 182 Preliminary 0"]
[Site "LSS email"]
[Date "2018.09.13"]
[Round "?"]
[White "Koepcke, Klaus Peter"]
[Black "Palla, Vit"]
[Result "1-0"]
[WhiteElo "1642"]
[BlackElo "1319"]
[PlyCount "63"]
[EventDate "2018.09.14"]
[EventType "tourn (corr)"]
[EventRounds "6"]
[EventCountry "GER"]
[SourceTitle "Corr 2022"]
[Source "ChessBase"]
[SourceDate "2021.10.24"]
[SourceVersion "1"]
[SourceVersionDate "2021.10.24"]
[SourceQuality "1"]

1. d4 Nf6 2. c4 e6 3. Nf3 c5 4. d5 exd5 5. cxd5 d6 6. Nc3 g6 7. e4 Bg7 8. Be2 0-0 9. 0-0 a6 10. a4 Re8 11. Qc2 Bg4 12. Bf4 Bxf3 13. Bxf3 Qc7 14. a5 Nfd7 15. Na4 Ne5 16. Nb6 Ra7 17. Ra3 Nbd7 18. Rb3 f6 19. Be2 Qd8 20. f3 Qe7 21. Na4 g5 22. Bg3 h5 23. f4 c4 24. Rb4 Ng4 25. Bxg4 hxg4 26. Rxc4 gxf4 27. Rxf4 Ne5 28. Rc7 Qd8 29. Nb6 Bh6 30. Rc8 Qe7 31. Rxe8+ Qxe8 32. Rxf6 1-0

[Event "LSS No Engine Cup 182 Preliminary 0"]
[Site "LSS email"]
[Date "2018.09.13"]
[Round "?"]
[White "Palla, Vit"]
[Black "Ilyin, Igor"]
[Result "0-1"]
[WhiteElo "1319"]
[BlackElo "2047"]
[PlyCount "56"]
[EventDate "2018.09.14"]
[EventType "tourn (corr)"]
[EventRounds "6"]
[EventCountry "GER"]
[SourceTitle "Corr 2022"]
[Source "ChessBase"]
[SourceDate "2021.10.24"]
[SourceVersion "1"]
[SourceVersionDate "2021.10.24"]
[SourceQuality "1"]

1. d4 Nf6 2. c4 g6 3. Nc3 d5 4. cxd5 Nxd5 5. e4 Nxc3 6. bxc3 Bg7 7. Bc4 0-0 8. Ne2 b6 9. 0-0 Bb7 10. Qb3 Bxe4 11. Ng3 Bb7 12. Bg5 Nd7 13. Rfe1 Nf6 14. Rad1 h6 15. Bxf6 Bxf6 16. Ne4 Bg7 17. a4 e6 18. Be2 Qe7 19. Bf3 Rac8 20. a5 Rfd8 21. Nf6+ Qxf6 22. Bxb7 Rb8 23. a6 Rd6 24. Re3 Rbd8 25. Rf3 Qg5 26. Rg3 Qh5 27. Bf3 Qa5 28. Qc4 c5 0-1

[Event "LSS No Engine Cup 182 Preliminary 0"]
[Site "LSS email"]
[Date "2018.09.13"]
[Round "?"]
[White "Palla, Vit"]
[Black "Littlewood, Richard"]
[Result "0-1"]
[WhiteElo "1319"]
[BlackElo "1600"]
[PlyCount "42"]
[EventDate "2018.09.14"]
[EventType "tourn (corr)"]
[EventRounds "6"]
[EventCountry "GER"]
[SourceTitle "Corr 2022"]
[Source "ChessBase"]
[SourceDate "2021.10.24"]
[SourceVersion "1"]
[SourceVersionDate "2021.10.24"]
[SourceQuality "1"]

1. d4 e6 2. e4 c5 3. d5 exd5 4. exd5 Nf6 5. c4 d6 6. Nc3 Be7 7. Bd3 0-0 8. h3 Re8 9. Nf3 Bf8+ 10. Be3 Nbd7 11. 0-0 Ne5 12. Nxe5 Rxe5 13. Bf4 Re8 14. Qc2 g6 15. Rfe1 a6 16. a4 b6 17. Kf1 Rxe1+ 18. Rxe1 Ra7 19. Bg5 h6 20. Bxg6 hxg5 21. Bf5 Re7 0-1

[Event "LSS No Engine Cup 174 Preliminary 0"]
[Site "LSS email"]
[Date "2017.10.19"]
[Round "?"]
[White "Palla, Vit"]
[Black "Obrien, Glenn"]
[Result "0-1"]
[WhiteElo "1362"]
[BlackElo "1642"]
[PlyCount "53"]
[EventDate "2017.10.20"]
[EventType "tourn (corr)"]
[EventRounds "6"]
[EventCountry "GER"]
[SourceTitle "Corr 2022"]
[Source "ChessBase"]
[SourceDate "2021.10.24"]
[SourceVersion "1"]
[SourceVersionDate "2021.10.24"]
[SourceQuality "1"]

1. e4 e5 2. Nf3 Nc6 3. Bb5 a6 4. Ba4 Nf6 5. 0-0 Be7 6. Re1 b5 7. Bb3 0-0 8. c3 d6 9. d4 Bg4 10. Nbd2 exd4 11. h3 Bh5 12. g4 dxc3 13. bxc3 Bg6 14. c4 Ne5 15. Qe2 Nxc4 16. Nxc4 bxc4 17. Qxc4 Bxe4 18. Ng5 d5 19. Qc6 Qd6 20. Qxd6 Bxd6 21. Nxe4 dxe4 22. g5 Nd7 23. Rxe4 Nc5 24. Re3 Bf4 25. Ba3 Bxe3 26. fxe3 Nxb3 27. axb3 0-1

[Event "CP-2017-P-00004"]
[Site "LSS email"]
[Date "2017.09.27"]
[Round "?"]
[White "Palla, Vit"]
[Black "Verich, Oleg"]
[Result "0-1"]
[WhiteElo "1223"]
[BlackElo "1186"]
[PlyCount "64"]
[EventDate "2017.10.01"]
[EventType "tourn (corr)"]
[EventRounds "6"]
[EventCountry "GER"]
[SourceTitle "Corr 2022"]
[Source "ChessBase"]
[SourceDate "2021.10.24"]
[SourceVersion "1"]
[SourceVersionDate "2021.10.24"]
[SourceQuality "1"]

1. d4 Nf6 2. c4 e6 3. Nf3 Bb4+ 4. Bd2 c5 5. dxc5 Bxc5 6. b4 Bb6 7. Nc3 0-0 8. e3 Nc6 9. c5 Bc7 10. Bc4 d5 11. Bb5 Bd7 12. 0-0 a6 13. Bxc6 Bxc6 14. Qb3 Qe7 15. Nd4 Rad8 16. a4 Ng4 17. g3 h5 18. f3 Ne5 19. b5 Be8 20. c6 Nc4 21. Bc1 bxc6 22. bxc6 Na5 23. Qa2 Nxc6 24. Ba3 Bd6 25. Bxd6 Qxd6 26. Rab1 Nxd4 27. exd4 Rc8 28. Rfc1 Rc4 29. a5 Rxd4 30. Rb6 Qe5 31. Rxa6 Qe3+ 32. Kg2 Rd2+ 0-1

[Event "SE-2017-0-00258"]
[Site "LSS email"]
[Date "2017.09.26"]
[Round "?"]
[White "Grimm, Wolfgang"]
[Black "Palla, Vit"]
[Result "1-0"]
[WhiteElo "1500"]
[BlackElo "1190"]
[PlyCount "29"]
[EventDate "2017.07.17"]
[EventType "tourn (corr)"]
[EventRounds "6"]
[EventCountry "GER"]
[SourceTitle "Corr 2022"]
[Source "ChessBase"]
[SourceDate "2021.10.24"]
[SourceVersion "1"]
[SourceVersionDate "2021.10.24"]
[SourceQuality "1"]

1. c4 g6 2. Nc3 Bg7 3. d4 Nf6 4. e4 d6 5. Nf3 Nbd7 6. Bd3 0-0 7. 0-0 e5 8. dxe5 Nxe5 9. Nxe5 dxe5 10. Bg5 h6 11. Be3 Ng4 12. Bc5 Qh4 13. h3 Nxf2 14. Bxf2 Qg5 15. Qf3 1-0

[Event "SE-2017-0-00258"]
[Site "LSS email"]
[Date "2017.09.26"]
[Round "?"]
[White "Palla, Vit"]
[Black "Trzebiatowski, Krzysztof"]
[Result "0-1"]
[WhiteElo "1190"]
[BlackElo "2066"]
[PlyCount "36"]
[EventDate "2017.07.17"]
[EventType "tourn (corr)"]
[EventRounds "6"]
[EventCountry "GER"]
[SourceTitle "Corr 2022"]
[Source "ChessBase"]
[SourceDate "2021.10.24"]
[SourceVersion "1"]
[SourceVersionDate "2021.10.24"]
[SourceQuality "1"]

1. d4 d5 2. c4 c6 3. Nc3 Nf6 4. Bg5 dxc4 5. e4 b5 6. e5 h6 7. Bxf6 exf6 8. Nf3 Be6 9. Be2 Nd7 10. 0-0 Be7 11. d5 cxd5 12. Nxd5 Nxe5 13. Nxe7 Qxd1 14. Rfxd1 Kxe7 15. Nd4 g5 16. Nxb5 Rab8 17. Nc3 Rxb2 18. Bf1 Rd8 0-1

[Event "SE-2017-0-00258"]
[Site "LSS email"]
[Date "2017.09.26"]
[Round "?"]
[White "Wilshusen, Horst"]
[Black "Palla, Vit"]
[Result "1-0"]
[WhiteElo "1374"]
[BlackElo "1190"]
[PlyCount "57"]
[EventDate "2017.07.17"]
[EventType "tourn (corr)"]
[EventRounds "6"]
[EventCountry "GER"]
[SourceTitle "Corr 2022"]
[Source "ChessBase"]
[SourceDate "2021.10.24"]
[SourceVersion "1"]
[SourceVersionDate "2021.10.24"]
[SourceQuality "1"]

1. Nc3 d5 2. d4 c6 3. e4 dxe4 4. Nxe4 Bf5 5. Ng3 Bg6 6. h4 h6 7. h5 Bh7 8. Nf3 Nf6 9. Bd3 Bxd3 10. Qxd3 Nbd7 11. Bd2 e6 12. c4 Qc7 13. 0-0-0 Bd6 14. Ne2 a5 15. Kb1 c5 16. d5 e5 17. Nc3 b5 18. Nxb5 Qb6 19. Nxd6+ Qxd6 20. Bc3 0-0 21. Nd2 a4 22. f3 e4 23. Nxe4 Nxe4 24. Qxe4 Rfe8 25. Qc2 Nb6 26. Rh4 Re3 27. Rg4 f6 28. Qg6 Qe7 29. Bxf6 1-0

[Event "IECC CL0-2017.00 email"]
[Site "IECC email"]
[Date "2017.09.24"]
[Round "?"]
[White "Palla, Vit"]
[Black "Raines, David T"]
[Result "1-0"]
[WhiteElo "1207"]
[BlackElo "1314"]
[PlyCount "63"]
[EventDate "2017.08.19"]
[EventType "tourn (corr)"]
[EventRounds "4"]
[SourceTitle "Corr 2022"]
[Source "ChessBase"]
[SourceDate "2021.10.24"]
[SourceVersion "1"]
[SourceVersionDate "2021.10.24"]
[SourceQuality "1"]

1. d4 Nf6 2. c4 e6 3. Nf3 b6 4. g3 Bb7 5. Bg2 Be7 6. Nc3 0-0 7. 0-0 d5 8. cxd5 exd5 9. Qc2 Nbd7 10. b3 c5 11. e3 Rc8 12. Bb2 a6 13. dxc5 Nxc5 14. Rfd1 Qc7 15. Rac1 Rfd8 16. Ne2 Qb8 17. Be5 Qa8 18. Ned4 Nce4 19. Qb2 Bd6 20. Bxd6 Nxd6 21. Ne1 Nde4 22. Nd3 Nc5 23. Nxc5 bxc5 24. Nf5 Rc7 25. Qe5 Rdd7 26. Nxg7 Qf8 27. Qxf6 Qxg7 28. Qf5 Qg6 29. Qf4 Qe6 30. h4 Qg6 31. Bh3 Rd8 32. Qxc7 1-0

[Event "LSS No Engine Cup 173 Preliminary 0"]
[Site "LSS email"]
[Date "2017.09.10"]
[Round "?"]
[White "Mostowik, Pawel"]
[Black "Palla, Vit"]
[Result "1-0"]
[WhiteElo "2119"]
[BlackElo "1401"]
[PlyCount "45"]
[EventDate "2017.09.11"]
[EventType "tourn (corr)"]
[EventRounds "6"]
[EventCountry "GER"]
[SourceTitle "Corr 2022"]
[Source "ChessBase"]
[SourceDate "2021.10.24"]
[SourceVersion "1"]
[SourceVersionDate "2021.10.24"]
[SourceQuality "1"]

1. e4 e6 2. d4 d5 3. exd5 Qxd5 4. Nc3 Qd8 5. Nf3 Bb4 6. Bd2 Nf6 7. a3 Be7 8. Be2 Nc6 9. Be3 0-0 10. 0-0 Re8 11. Bd3 a6 12. Re1 b6 13. Qe2 Bb7 14. Rad1 Nd5 15. Ne4 f5 16. Neg5 Bf6 17. Bd2 h6 18. Nxe6 Qd6 19. Bxf5 Nd8 20. c4 Ne3 21. Qxe3 Bxf3 22. Qxf3 Nxe6 23. Bxe6+ 1-0

[Event "LSS No Engine Cup 173 Preliminary 0"]
[Site "LSS email"]
[Date "2017.09.10"]
[Round "?"]
[White "Obrien, Glenn"]
[Black "Palla, Vit"]
[Result "1-0"]
[WhiteElo "1633"]
[BlackElo "1401"]
[PlyCount "39"]
[EventDate "2017.09.11"]
[EventType "tourn (corr)"]
[EventRounds "6"]
[EventCountry "GER"]
[SourceTitle "Corr 2022"]
[Source "ChessBase"]
[SourceDate "2021.10.24"]
[SourceVersion "1"]
[SourceVersionDate "2021.10.24"]
[SourceQuality "1"]

1. e4 e6 2. d4 d5 3. Nc3 Nf6 4. Bg5 Bb4 5. e5 h6 6. Bd3 hxg5 7. exf6 gxf6 8. Nf3 Nd7 9. 0-0 g4 10. Nd2 c6 11. Qxg4 Qc7 12. f4 Bxc3 13. bxc3 c5 14. a4 c4 15. Qg7 Rf8 16. Bh7 Qa5 17. Nf3 Nb6 18. f5 Qxc3 19. fxe6 Bxe6 20. Qxf6 1-0

[Event "LSS No Engine Cup 173 Preliminary 0"]
[Site "LSS email"]
[Date "2017.09.10"]
[Round "?"]
[White "Palla, Vit"]
[Black "Glowinski, Daniel"]
[Result "0-1"]
[WhiteElo "1401"]
[BlackElo "1922"]
[PlyCount "38"]
[EventDate "2017.09.11"]
[EventType "tourn (corr)"]
[EventRounds "6"]
[EventCountry "GER"]
[SourceTitle "Corr 2022"]
[Source "ChessBase"]
[SourceDate "2021.10.24"]
[SourceVersion "1"]
[SourceVersionDate "2021.10.24"]
[SourceQuality "1"]

1. d4 Nf6 2. c4 e6 3. Nf3 d5 4. cxd5 exd5 5. Bg5 Be7 6. e3 0-0 7. Be2 Nc6 8. 0-0 h6 9. Bh4 Be6 10. Nc3 Ne4 11. Bxe7 Qxe7 12. Qc2 Bf5 13. Qb3 Nxc3 14. bxc3 Qd6 15. Rfd1 a5 16. a4 Rfd8 17. Nd2 Ra7 18. Nf1 Qg6 19. Ng3 Bc2 0-1

[Event "OP-2017-0-04428"]
[Site "LSS email"]
[Date "2017.09.03"]
[Round "?"]
[White "Palla, Vit"]
[Black "Custodio, Caetano"]
[Result "0-1"]
[WhiteElo "1197"]
[BlackElo "1039"]
[PlyCount "62"]
[EventDate "2017.08.29"]
[EventType "tourn (corr)"]
[EventRounds "4"]
[EventCountry "GER"]
[SourceTitle "Corr 2022"]
[Source "ChessBase"]
[SourceDate "2021.10.24"]
[SourceVersion "1"]
[SourceVersionDate "2021.10.24"]
[SourceQuality "1"]

1. e4 e5 2. Nf3 Nc6 3. Nc3 Nf6 4. Bb5 Bc5 5. Nxe5 Bxf2+ 6. Kxf2 Nxe5 7. h3 c6 8. Be2 d5 9. d4 Ng6 10. exd5 Nxd5 11. Nxd5 Qxd5 12. Bf3 Qd6 13. Re1+ Be6 14. d5 cxd5 15. Qxd5 Qxd5 16. Bxd5 0-0-0 17. Bxe6+ fxe6 18. Rxe6 Rd1 19. Re1 Rf8+ 20. Ke2 Rxe1+ 21. Kxe1 Nh4 22. Be3 Nxg2+ 23. Kd2 Rd8+ 24. Ke2 Re8 25. Kf2 Rxe3 26. Rg1 Rxh3 27. Rxg2 g6 28. Rg3 Rxg3 29. Kxg3 g5 30. a4 h5 31. c3 a5 0-1

[Event "LSS No Engine Cup 172 Preliminary 0"]
[Site "LSS email"]
[Date "2017.08.19"]
[Round "?"]
[White "Obrien, Glenn"]
[Black "Palla, Vit"]
[Result "1-0"]
[WhiteElo "1647"]
[BlackElo "1383"]
[PlyCount "53"]
[EventDate "2017.08.20"]
[EventType "tourn (corr)"]
[EventRounds "6"]
[EventCountry "GER"]
[SourceTitle "Corr 2022"]
[Source "ChessBase"]
[SourceDate "2021.10.24"]
[SourceVersion "1"]
[SourceVersionDate "2021.10.24"]
[SourceQuality "1"]

1. e4 c5 2. Nf3 e6 3. d4 cxd4 4. Nxd4 Nf6 5. Nc3 Bb4 6. e5 Nd5 7. Bd2 Bxc3 8. bxc3 Qc7 9. f4 Nxc3 10. Qf3 Nd5 11. Nb5 Qd8 12. c4 Ne7 13. Nd6+ Kf8 14. Rb1 Nbc6 15. Qh5 g6 16. Qh6+ Kg8 17. g4 Qf8 18. Qxf8+ Kxf8 19. Nxc8 Nxc8 20. Rxb7 Ke7 21. Bg2 Nb6 22. Bxc6 Rhc8 23. Bb4+ Kd8 24. Bb5 a6 25. c5 axb5 26. Rxb6 Rxa2 27. 0-0 1-0

[Event "OP-2017-0-04408"]
[Site "LSS email"]
[Date "2017.08.13"]
[Round "?"]
[White "Digiglio, Rafael"]
[Black "Palla, Vit"]
[Result "0-1"]
[WhiteElo "554"]
[BlackElo "1201"]
[PlyCount "94"]
[EventDate "2017.08.07"]
[EventType "tourn (corr)"]
[EventRounds "4"]
[EventCountry "GER"]
[SourceTitle "Corr 2022"]
[Source "ChessBase"]
[SourceDate "2021.10.24"]
[SourceVersion "1"]
[SourceVersionDate "2021.10.24"]
[SourceQuality "1"]

1. Nf3 d5 2. Nc3 c5 3. b3 Nc6 4. d3 e5 5. e4 d4 6. Ne2 Be7 7. Bb2 Nf6 8. a4 a5 9. h3 Bd7 10. Ng3 g6 11. Be2 Qc7 12. 0-0 0-0 13. c4 dxc3 14. Bxc3 b6 15. Qc2 Rac8 16. Qb2 Nd4 17. Nxd4 cxd4 18. Bd2 Qc2 19. Qxc2 Rxc2 20. Bg5 Rfc8 21. f4 Nxe4 22. Nxe4 Bxg5 23. Nxg5 Rxe2 24. Rf2 Rxf2 25. Kxf2 h6 26. Ne4 Bf5 27. Nd6 Rc2+ 28. Kf3 Be6 29. Nc4 Bd5+ 30. Kg3 Rxg2+ 31. Kh4 exf4 32. Ne5 f6 33. Nd7 g5+ 34. Kh5 Bf7+ 35. Kxh6 Rh2 36. Nxf6+ Kh8 37. Kxg5 Rxh3 38. Kxf4 Rxd3 39. Ne4 Rxb3 40. Ke5 Rb4 41. Nd6 Kg7 42. Nb5 d3 43. Nc3 Bg6 44. Nd5 Re4+ 45. Kd6 d2 46. Nc3 Re1 47. Ra3 Rc1 0-1

[Event "OP-2017-0-04390"]
[Site "LSS email"]
[Date "2017.07.18"]
[Round "?"]
[White "Obrien, Glenn"]
[Black "Palla, Vit"]
[Result "1-0"]
[WhiteElo "1391"]
[BlackElo "1196"]
[PlyCount "53"]
[EventDate "2017.07.08"]
[EventType "tourn (corr)"]
[EventRounds "4"]
[EventCountry "GER"]
[SourceTitle "Corr 2022"]
[Source "ChessBase"]
[SourceDate "2021.10.24"]
[SourceVersion "1"]
[SourceVersionDate "2021.10.24"]
[SourceQuality "1"]

1. e4 e6 2. d4 d5 3. Nc3 Bb4 4. e5 c5 5. a3 Bxc3+ 6. bxc3 Ne7 7. Qg4 Qc7 8. Qxg7 Rg8 9. Qxh7 cxd4 10. Ne2 dxc3 11. f4 Nd7 12. Qd3 a6 13. Nxc3 Nf5 14. Bb2 Qa5 15. 0-0-0 Nc5 16. Qf3 Bd7 17. Bd3 Nxd3+ 18. Rxd3 Bc6 19. Rhd1 d4 20. Ne4 Kf8 21. Bxd4 Rc8 22. Bc5+ Ne7 23. Qh5 Bxe4 24. Bxe7+ Ke8 25. Rd8+ Rxd8 26. Rxd8+ Kxe7 27. Qh4+ 1-0

[Event "OP-2017-0-04390"]
[Site "LSS email"]
[Date "2017.07.18"]
[Round "?"]
[White "Palla, Vit"]
[Black "Fuzishawa, Richard"]
[Result "0-1"]
[WhiteElo "1196"]
[BlackElo "2295"]
[PlyCount "46"]
[EventDate "2017.07.08"]
[EventType "tourn (corr)"]
[EventRounds "4"]
[EventCountry "GER"]
[SourceTitle "Corr 2022"]
[Source "ChessBase"]
[SourceDate "2021.10.24"]
[SourceVersion "1"]
[SourceVersionDate "2021.10.24"]
[SourceQuality "1"]

1. d4 Nf6 2. c4 e6 3. Nf3 b6 4. e3 Bb7 5. Nbd2 c5 6. dxc5 bxc5 7. b3 a5 8. Be2 a4 9. bxa4 Bc6 10. Ne5 Bxa4 11. Nb3 d6 12. Bf3 Bxb3 13. Qxb3 dxe5 14. Bxa8 Qa5+ 15. Bd2 Qxa8 16. Rb1 Bd6 17. 0-0 Nbd7 18. a4 e4 19. f4 exf3 20. gxf3 0-0 21. a5 Ne5 22. e4 Nh5 23. Qb6 Nxc4 0-1

[Event "LSS No Engine Cup 171 Preliminary 0"]
[Site "LSS email"]
[Date "2017.07.10"]
[Round "?"]
[White "Palla, Vit"]
[Black "Reede, Arvo"]
[Result "0-1"]
[WhiteElo "1366"]
[BlackElo "1789"]
[PlyCount "36"]
[EventDate "2017.07.11"]
[EventType "tourn (corr)"]
[EventRounds "6"]
[EventCountry "GER"]
[SourceTitle "Corr 2022"]
[Source "ChessBase"]
[SourceDate "2021.10.24"]
[SourceVersion "1"]
[SourceVersionDate "2021.10.24"]
[SourceQuality "1"]

1. d4 Nf6 2. Nf3 c5 3. d5 b5 4. e3 Qa5+ 5. Bd2 b4 6. c4 e6 7. Na3 Qb6 8. Nc2 Bb7 9. dxe6 dxe6 10. b3 Bd6 11. Bc1 0-0 12. Bb2 Nbd7 13. g3 Rad8 14. Qe2 Bxf3 15. Qxf3 Be5 16. Bxe5 Nxe5 17. Qf4 Qd6 18. e4 Nf3+ 0-1

[Event "LSS No Engine Cup 171 Preliminary 0"]
[Site "LSS email"]
[Date "2017.07.10"]
[Round "?"]
[White "Pech, Jaroslav Sr"]
[Black "Palla, Vit"]
[Result "0-1"]
[WhiteElo "1487"]
[BlackElo "1366"]
[PlyCount "36"]
[EventDate "2017.07.11"]
[EventType "tourn (corr)"]
[EventRounds "6"]
[EventCountry "GER"]
[SourceTitle "Corr 2022"]
[Source "ChessBase"]
[SourceDate "2021.10.24"]
[SourceVersion "1"]
[SourceVersionDate "2021.10.24"]
[SourceQuality "1"]

1. c4 Nf6 2. Nc3 g6 3. Nf3 d6 4. d4 Bg7 5. e4 0-0 6. Be2 Nbd7 7. 0-0 e5 8. Be3 Re8 9. d5 Ng4 10. Bg5 f6 11. Bh4 g5 12. Bg3 h5 13. Nd2 f5 14. exf5 Nc5 15. h3 Nf6 16. b4 Na6 17. Bxh5 Nxh5 18. Qxh5 Nxb4 0-1

[Event "OP-2017-0-04386"]
[Site "LSS email"]
[Date "2017.07.09"]
[Round "?"]
[White "Palla, Vit"]
[Black "Nouveau, Laurent"]
[Result "0-1"]
[WhiteElo "1195"]
[BlackElo "1633"]
[PlyCount "48"]
[EventDate "2017.07.05"]
[EventType "tourn (corr)"]
[EventRounds "4"]
[EventCountry "GER"]
[SourceTitle "Corr 2022"]
[Source "ChessBase"]
[SourceDate "2021.10.24"]
[SourceVersion "1"]
[SourceVersionDate "2021.10.24"]
[SourceQuality "1"]

1. d4 Nf6 2. Bf4 d5 3. e3 c5 4. c3 Nc6 5. Nf3 Qb6 6. Qb3 c4 7. Qxb6 axb6 8. Na3 Bf5 9. Nh4 Bd7 10. Be2 Ne4 11. Nb5 Ra5 12. f3 Rxb5 13. fxe4 dxe4 14. b4 e5 15. Bg3 exd4 16. Bxc4 Rh5 17. 0-0 Be6 18. Be2 Rd5 19. c4 Rd7 20. b5 Nb4 21. exd4 Rxd4 22. Rad1 Rxd1 23. Rxd1 Bc5+ 24. Kh1 g5 0-1

[Event "OP-2017-0-04386"]
[Site "LSS email"]
[Date "2017.07.09"]
[Round "?"]
[White "Shim Ng Min, Francis"]
[Black "Palla, Vit"]
[Result "0-1"]
[WhiteElo "1260"]
[BlackElo "1195"]
[PlyCount "62"]
[EventDate "2017.07.05"]
[EventType "tourn (corr)"]
[EventRounds "4"]
[EventCountry "GER"]
[SourceTitle "Corr 2022"]
[Source "ChessBase"]
[SourceDate "2021.10.24"]
[SourceVersion "1"]
[SourceVersionDate "2021.10.24"]
[SourceQuality "1"]

1. e4 e6 2. d4 d5 3. Nd2 Nf6 4. e5 Nfd7 5. Bd3 c5 6. c3 Nc6 7. Ne2 cxd4 8. cxd4 f6 9. exf6 Qxf6 10. Nf3 e5 11. dxe5 Ndxe5 12. Nxe5 Bb4+ 13. Bd2 Bxd2+ 14. Qxd2 Qxe5 15. 0-0 0-0 16. Rae1 Be6 17. Ng3 Qf6 18. Bc2 Bf7 19. Qd3 g6 20. Bb3 Qxb2 21. Bxd5 Rad8 22. Bxf7+ Rxf7 23. Qb3 Qxb3 24. axb3 Rd3 25. Rb1 a5 26. h3 Re7 27. Rfd1 Red7 28. Re1 Kf7 29. Ne4 R7d5 30. f3 Nd4 31. Rec1 Ne2+ 0-1

[Event "IECC CL0-2017.00 email"]
[Site "IECC email"]
[Date "2017.07.04"]
[Round "?"]
[White "Casas Renteria, Enrique"]
[Black "Palla, Vit"]
[Result "1-0"]
[WhiteElo "1209"]
[BlackElo "1167"]
[PlyCount "69"]
[EventDate "2017.06.06"]
[EventType "tourn (corr)"]
[EventRounds "4"]
[SourceTitle "Corr 2022"]
[Source "ChessBase"]
[SourceDate "2021.10.24"]
[SourceVersion "1"]
[SourceVersionDate "2021.10.24"]
[SourceQuality "1"]

1. d4 Nf6 2. c4 g6 3. Nc3 Bg7 4. g3 d6 5. Bg2 c6 6. Nf3 Nbd7 7. 0-0 0-0 8. Re1 e5 9. e4 Nb6 10. dxe5 dxe5 11. Nxe5 Qe7 12. Nf3 Rd8 13. Qe2 Be6 14. e5 Nfd7 15. Bg5 Qb4 16. Bxd8 Rxd8 17. a3 Qe7 18. b3 Nc5 19. Qa2 Nbd7 20. Rad1 Bg4 21. h3 Bxf3 22. Bxf3 Nxe5 23. Rxd8+ Qxd8 24. Bg2 b6 25. Qc2 Ne6 26. Rd1 Qc7 27. Ne4 c5 28. Nc3 Nd4 29. Qb1 Nef3+ 30. Bxf3 Nxf3+ 31. Kg2 Nh4+ 32. gxh4 Bxc3 33. Qe4 Bd4 34. Re1 Kg7 35. Qf3 1-0